000 00901cam a22002894a 4500
001 14041344
005 20180202074700.0
008 050718s2006 nyua b 101 0 eng c
010 _a 2005930800
016 7 _a976544733
_2GyFmDB
020 _a9780387258652 (hbk. : alk. paper)
020 _a0387258655 (hbk. : alk. paper)
035 _a(OCoLC)ocm63514219
040 _aOHX
_cOHX
_dBAKER
_dCGU
_dDLC
041 _aeng
042 _apcc
072 7 _aTD
_2lcco
080 _a621.312132 KEN
082 0 0 _a621.312132 KEN
_222
100 _a9
101 _aMJE
245 0 0 _aCoal combustion byproducts and environmental issues /
_cKenneth S. Sajwan ... [et al.], editors.
906 _a7
_bcbc
_cpccadap
_d2
_encip
_f20
_gy-gencatlg
942 _2ddc
_cBK
999 _c41659
_d41659